Technological man (Record no. 24807)

000 -LEADER
fixed length control field 00511nam a2200193 4500
001 - CONTROL NUMBER
control field 24807
003 - CONTROL NUMBER IDENTIFIER
control field BD-DhUET
008 - FIXED-LENGTH DATA ELEMENTS--GENERAL INFORMATION
fixed length control field 690324s1969 nyu b 001 0 eng
040 ## - CATALOGING SOURCE
Original cataloging agency DLC
Transcribing agency DLC
Modifying agency BD-DhUET
082 00 - DEWEY DECIMAL CLASSIFICATION NUMBER
Classification number 301.24
Item number FER/1969
100 1# - MAIN ENTRY--PERSONAL NAME
Personal name Ferkiss, Victor C.
245 10 - TITLE STATEMENT
Title Technological man
Remainder of title the myth and the reality
250 ## - EDITION STATEMENT
Edition statement 1st ed.
260 ## - PUBLICATION, DISTRIBUTION, ETC. (IMPRINT)
Place of publication, distribution, etc. Bombay
Name of publisher, distributor, etc. Valis Feffer and simon
Date of publication, distribution, etc. 1969
300 ## - PHYSICAL DESCRIPTION
Extent ix, 166 p.
Dimensions 22 cm.
504 ## - BIBLIOGRAPHY, ETC. NOTE
Bibliography, etc Includes bibliographies
650 #0 - SUBJECT ADDED ENTRY--TOPICAL TERM
Topical term or geographic name as entry element Civilization
942 ## - ADDED ENTRY ELEMENTS (KOHA)
Koha item type General Book
Holdings
Lost status Not for loan Piece designation (barcode) Withdrawn status Source of classification or shelving scheme Date acquired Koha date last seen Damaged status Koha item type Sublocation or collection (holding branch) Koha full call number Shelving location Price effective from Location (home branch) Copy number Koha normalized classification for sorting
  37818  2015-05-102015-05-10 General BookCentral Library, BUET301.24/FER/1969Circulation section2015-05-10Central Library, BUET1301_240000000000000_FER_1969